[Event "NK Jeugd A"]
[Site "Haarlem NED"]
[Date "2011.05.01"]
[Round "2"]
[White "Mostertman,M"]
[Black "Ootes,La"]
[Result "1-0"]
[WhiteElo "2206"]
[BlackElo "2363"]

1.e4 c5 2.Nf3 e6 3.d4 cxd4 4.Nxd4 Nc6 5.Nc3 a6 6.Be2 Qc7 7.O-O Nf6 8.Be3 Bb4
9.Na4 Be7 10.Nxc6 bxc6 11.Nb6 Rb8 12.Nxc8 Qxc8 13.Bd4 Qc7 14.e5 Nd5 15.b3 a5
16.c4 Nf4 17.Bf3 O-O 18.Qd2 Ng6 19.Rad1 a4 20.bxa4 Rb4 21.a5 Qxa5 22.Bc3 Nxe5
23.Be2 f6 24.Kh1 Qa3 25.f4 Nf7 26.Bxb4 Bxb4 27.Qxd7 e5 28.Qxc6 exf4 29.Rxf4 Qxa2
30.Bf3 Qf2 31.Qd5 Bd6 32.Qxd6 Qe3 33.Qd2  1-0

[Event "Karlovy Vary Open"]
[Site "Karlovy Vary CZE"]
[Date "2011.05.01"]
[Round "5.3"]
[White "Krejcik,Ji"]
[Black "Tuma,Ja"]
[Result "1/2-1/2"]
[WhiteElo "2091"]
[BlackElo "2305"]

1.e4 c5 2.Nf3 e6 3.d4 cxd4 4.Nxd4 Nc6 5.Nc3 a6 6.Be2 d6 7.O-O Nf6 8.a4 Be7
9.Kh1 O-O 10.f4 Bd7 11.Be3 Rc8 12.Bf3 Nxd4 13.Qxd4 Bc6 14.a5 d5 15.e5 Nd7
16.b4 b6 17.axb6 Bb7 18.Be2 Qxb6 19.Qxb6 Nxb6 20.Bxb6 Rxc3 21.Bd3 Rc6 22.Ba5 f6
23.Rae1 fxe5 24.Rxe5 Bf6 25.Re2 Rfc8 26.g4 g5 27.fxg5 Bxg5 28.h4 Be7 29.g5 Rf8
30.Rxf8+ Bxf8 31.g6 hxg6 32.Bxg6 e5 33.Be8 Re6 34.Bd7 d4+ 35.Kh2 Re7 36.Bg4 Bh6
37.Bd8 Bf4+ 38.Kh3 Re8 39.Bf6 Bc6 40.Bg5 Bxg5 41.hxg5 e4 42.Bf5 Kg7 43.Kg4 e3
44.Kf4 Bb5 45.Re1 Bc4 46.c3 Rf8 47.Ke5 d3 48.Rxe3 Rd8 49.Bg4 Kg6 50.Bd1 Rd5+
51.Ke4 Kxg5 52.Rg3+ Kf6 53.Rh3 Rd8 54.Rh6+ Kg7 55.Rh5 Bf7 56.Ra5 Rd6 57.Re5 Bg6+
58.Ke3 Rf6 59.Bb3 Rf1 60.Re7+ Kf8 61.Rd7 Rb1 62.Bc4 Re1+  1/2-1/2

[Event "Ostravsky Konik A"]
[Site "Ostrava CZE"]
[Date "2011.05.01"]
[Round "2.13"]
[White "Weissmann,L"]
[Black "Firt,S"]
[Result "1/2-1/2"]
[WhiteElo "2136"]
[BlackElo "2330"]

1.e4 c5 2.Nf3 Nc6 3.Nc3 e6 4.d4 cxd4 5.Nxd4 Nf6 6.Nxc6 bxc6 7.Bd3 d5 8.O-O Rb8
9.Re1 Bc5 10.Bg5 Qa5 11.Bxf6 gxf6 12.Qf3 Be7 13.exd5 cxd5 14.Rab1 h5 15.a3 Kf8
16.Qf4 Rb7 17.b4 Qd8 18.Na4 Rc7 19.Nc5 e5 20.Qe3 d4 21.Qd2 Bxc5 22.bxc5 Bb7
23.Qb4 Kg7 24.f4 Re8 25.fxe5 fxe5 26.Qd2 e4 27.Qf4 e3 28.Qg3+ Kf8 29.Qd6+ Kg7
30.Rb4 Qg5 31.Qxd4+ f6 32.Re2 Ree7 33.Qd6 Qxc5 34.Qf4 Qe5 35.Qxe5 Rxe5 36.Rb5 Rxb5
37.Bxb5 Rc5 38.Bd3 Re5 39.Re1 f5 40.Rb1 Bc6 41.g3 Kf6 42.Kf1 h4 43.Rb4 hxg3
44.hxg3 Kg5 45.Ke2 Be8 46.a4 Bh5+  1/2-1/2

[Event "43rd TCh-ITA 2011"]
[Site "Spoleto ITA"]
[Date "2011.05.01"]
[Round "7"]
[White "Caprio,G"]
[Black "Mantovani,R"]
[Result "1/2-1/2"]
[WhiteElo "2299"]
[BlackElo "2343"]

1.e4 c5 2.Nf3 Nc6 3.d4 cxd4 4.Nxd4 e6 5.Nc3 a6 6.Be3 Nf6 7.f3 d5 8.exd5 Nxd5
9.Nxd5 Qxd5 10.Nxc6 Qxc6 11.Qd4 Qc7 12.O-O-O e5 13.Qc4 Bd6 14.Qxc7 Bxc7 15.Bc4 b6
16.Rd3 Ke7 17.Rhd1 Bf5 18.Ra3 a5 19.Rc3 Rhc8 20.g4 Bg6 21.h4 f6  1/2-1/2

[Event "Karlovy Vary Open"]
[Site "Karlovy Vary CZE"]
[Date "2011.05.02"]
[Round "6.22"]
[White "Bartos,Pav"]
[Black "Holes,M"]
[Result "0-1"]
[WhiteElo "1688"]
[BlackElo "1897"]

1.e4 c5 2.Nf3 e6 3.d4 cxd4 4.Nxd4 Nc6 5.Nc3 a6 6.Be2 d6 7.O-O Nf6 8.f4 Qb6
9.Be3 Bd7 10.Na4 Qa5 11.c3 Nxd4 12.Bxd4 Bxa4 13.b3 Bc6 14.Bxf6 gxf6 15.b4 Qb6+
16.Kh1 Bxe4 17.Qe1 Rg8 18.Rg1 Qc6 19.Bf1 Bh6 20.a4 Ke7 21.b5 axb5 22.axb5 Rxa1
23.Qxa1 Qc5 24.Qe1 Bxf4 25.Qxe4 Bxh2 26.Qxb7+ Kf8  0-1

[Event "29th Metz Open A"]
[Site "Longeville-les-Metz FRA"]
[Date "2011.05.02"]
[Round "1.13"]
[White "Pucher,S"]
[Black "Michiels,B"]
[Result "1/2-1/2"]
[WhiteElo "2227"]
[BlackElo "2484"]

1.e4 c5 2.Nf3 Nc6 3.Nc3 e6 4.d4 cxd4 5.Nxd4 Qc7 6.Be3 a6 7.Bd3 Nf6 8.O-O Bd6
9.h3 O-O 10.Qd2 Nxd4 11.Bxd4 Bf4 12.Be3 Bxe3 13.Qxe3 d6 14.Rfe1 e5 15.Na4 Be6
16.Nb6 Rad8 17.a4 Nd7 18.Nxd7 Rxd7 19.a5 g6 20.Ra4 f5 21.exf5 gxf5 22.f4 e4
23.c3 Qc5 24.Bf1 Rc8 25.Kf2 Qxe3+ 26.Kxe3 Rc5 27.Be2 Rg7 28.Rg1 Bd7 29.Raa1 Bb5
30.g4 Bxe2 31.Kxe2 Rd5 32.Rg3 Kf7 33.b4 fxg4 34.hxg4 h5 35.g5 Kg6 36.c4 Rd4
37.Rc3 Rc7 38.Ke3 Rdxc4 39.Rxc4 Rxc4 40.Rd1 Kf5 41.Rxd6 Rc3+ 42.Kd2 Rc6 43.Rd7 Kxf4
44.Rxb7 Kxg5 45.Ke3 Rc4 46.b5 axb5 47.Rxb5+ Kg4 48.Rb8 Ra4 49.Ra8 h4 50.a6 h3
51.a7 h2 52.Rg8+ Kf5 53.Rf8+ Ke5 54.Re8+ Kd5 55.Rd8+ Ke5 56.Re8+ Kf5 57.Rf8+ Ke6
58.Rh8 Rxa7 59.Kxe4 Ra2 60.Kf3 Kf6 61.Kg3 Kg7 62.Rxh2 Rxh2 63.Kxh2  1/2-1/2

[Event "ch-UKR semi-final"]
[Site "Alushta UKR"]
[Date "2011.05.03"]
[Round "1.24"]
[White "Matjushin,G"]
[Black "Muhtarov,L"]
[Result "1-0"]
[WhiteElo "2477"]
[BlackElo "2131"]

1.e4 c5 2.Nc3 e6 3.Nf3 Nc6 4.d4 cxd4 5.Nxd4 d6 6.g4 h6 7.Be3 Nf6 8.Nb3 a6
9.Bg2 Qc7 10.a4 b6 11.f4 Bb7 12.Qe2 Be7 13.h4 h5 14.g5 Ng4 15.Bg1 Nb4 16.O-O-O O-O-O
17.a5 bxa5 18.Na4 Kb8 19.c3 Rc8 20.Kb1 Nc6 21.Bb6 Qd7 22.Nbc5 Qe8 23.Nxa6+ Ka8
24.Nc7+ Rxc7 25.Bxc7 Nb8 26.b3 Qc6 27.Bxa5 Bd8 28.Bxd8 Rxd8 29.Rd4 Nd7 30.Rhd1 Nb6
31.Nxb6+ Qxb6 32.Rb4 Qc5 33.Kb2 Ne3 34.Ra1+ Kb8 35.Rb5 Nd1+ 36.Rxd1  1-0

[Event "ch-UKR semi-final"]
[Site "Alushta UKR"]
[Date "2011.05.04"]
[Round "2.11"]
[White "Bogdanovich,S"]
[Black "Izhnin,A"]
[Result "1-0"]
[WhiteElo "2503"]
[BlackElo "2353"]

1.e4 c5 2.Nf3 e6 3.d4 cxd4 4.Nxd4 Nc6 5.Nc3 a6 6.g3 d6 7.Bg2 Bd7 8.Nb3 Nf6
9.g4 h6 10.O-O Qc7 11.f4 Be7 12.Qe2 O-O-O 13.h3 Kb8 14.Be3 Bc8 15.Qf2 Nd7
16.Rfd1 Rdf8 17.a4 b6 18.e5 d5 19.Ne2 g5 20.Rac1 gxf4 21.Bxf4 Bg5 22.c4 Bxf4
23.Nxf4 d4 24.c5 Ndxe5 25.Nxd4 Nxd4 26.Qxd4 Nd7 27.Qe4 Qa7 28.c6 Nc5 29.c7+  1-0

[Event "ch-UKR semi-final"]
[Site "Alushta UKR"]
[Date "2011.05.04"]
[Round "2.65"]
[White "Varchenko,G"]
[Black "Andreev,Vo"]
[Result "1-0"]
[WhiteElo "2128"]
[BlackElo "1915"]

1.e4 c5 2.Nf3 Nc6 3.Nc3 e6 4.d4 cxd4 5.Nxd4 a6 6.g3 Nge7 7.Nb3 d5 8.exd5 Nxd5
9.Nxd5 Qxd5 10.Qxd5 exd5 11.Bg2 Nb4 12.Nd4 Bc5 13.a3 Bxd4 14.axb4 O-O 15.O-O Be6
16.c3 Bf6 17.Be3 Rfd8 18.Rfd1 Rac8 19.Bd4 Bxd4 20.Rxd4 Rd7 21.f4 g6 22.Rad1 Rcd8
23.Kf2 h5 24.c4 dxc4 25.Rxd7 Rxd7 26.Rxd7 Bxd7 27.Bxb7 Bb5 28.Ke3 Kf8 29.Kd4 Ke7
30.Bd5 f6 31.Bxc4 Be8 32.Bxa6 Kd6 33.b5 g5 34.b6 Bf7 35.Bc4 Bg6 36.Bd5 h4
37.fxg5 fxg5 38.b7 Kc7 39.Ke5 Bd3 40.Be4 Be2 41.Kf5  1-0

[Event "29th Metz Open A"]
[Site "Longeville-les-Metz FRA"]
[Date "2011.05.04"]
[Round "4.13"]
[White "Marzolf,B"]
[Black "Donchenko,An"]
[Result "0-1"]
[WhiteElo "2254"]
[BlackElo "2397"]

1.e4 c5 2.Nf3 e6 3.d4 cxd4 4.Nxd4 Nc6 5.Nc3 Qc7 6.g3 d6 7.Bg2 Nf6 8.O-O Bd7
9.Nxc6 Bxc6 10.Re1 Be7 11.Bf4 O-O 12.Qe2 a6 13.a4 Rfe8 14.a5 b5 15.axb6 Qxb6
16.Na4 Qb7 17.b3 d5 18.e5 Nd7 19.c4 dxc4 20.Bxc6 Qxc6 21.bxc4 Rec8 22.Red1 h6
23.h4 a5 24.Rd4 Bf8 25.Bd2 Qc7 26.Re4 Rab8 27.Nc3 Rb2 28.Nb5 Qb8 29.Qe1 Nxe5
30.Rxe5 Rxd2 31.Qxd2 Qxe5 32.Re1 Qf5 33.Qd7 Rxc4 34.Qe8 Rc2 35.Rf1 Qc5  0-1

[Event "Ostravsky Konik A"]
[Site "Ostrava CZE"]
[Date "2011.05.04"]
[Round "5.42"]
[White "Vachtfeidl,P"]
[Black "Didi,J"]
[Result "0-1"]
[WhiteElo "1981"]
[BlackElo "2037"]

1.e4 c5 2.Nf3 e6 3.Nc3 Nc6 4.d4 cxd4 5.Nxd4 a6 6.Be3 Qc7 7.Qd2 Nf6 8.f3 Bb4
9.a3 Ba5 10.Nb3 Bxc3 11.Qxc3 O-O 12.O-O-O d5 13.Bg5 dxe4 14.Bxf6 Qf4+ 15.Kb1 Qxf6
16.Qxf6 gxf6 17.fxe4 b6 18.Be2 Bb7 19.Rd7 Rab8 20.Rhd1 Rfd8 21.c3 Kf8 22.Kc2 Rxd7
23.Rxd7 Ne5 24.Rd4 Ke7 25.g3 Rg8 26.Rb4 Nd7 27.Kd3 a5 28.Nxa5 bxa5 29.Rxb7 Kd6
30.Kd4 Kc6 31.Ra7 Rb8 32.b4 axb4 33.axb4 Ne5 34.b5+ Kb6 35.Ra6+ Kb7 36.c4 Rd8+
37.Kc3 Rc8 38.Ra2 Nd7 39.Bd3 Kb6 40.Ra6+ Kc5 41.Ra7 Ne5 42.Be2 Rd8 43.Rc7+ Kb6
44.Re7 Kc5 45.g4 Ra8 46.Kb3 Ra1 47.Rc7+ Kb6 48.Rc8 Re1 49.c5+ Kb7 50.Re8 Rxe2
51.Re7+ Kb8 52.Kb4 Rxe4+ 53.Ka5 Nc4+ 54.Ka6 Re2 55.Re8+ Kc7 56.b6+ Kd7 57.Rf8 Ne5
58.Kb7 Rc2 59.Rc8 f5 60.g5 f4 61.Rc7+ Ke8 62.Rc8+ Ke7 63.c6 f3 64.Rc7+ Kf8
65.Rc8+ Kg7 66.c7 f2 67.Ra8 f1=Q 68.Kc8 Qd3 69.Ra1 Qb5  0-1

[Event "7th WSCC U17 Open"]
[Site "Krakow POL"]
[Date "2011.05.05"]
[Round "5.1"]
[White "Emiroglu,C"]
[Black "Klepaczka,T"]
[Result "1/2-1/2"]
[WhiteElo "2181"]
[BlackElo "2115"]

1.e4 c5 2.Nf3 e6 3.d4 cxd4 4.Nxd4 Nc6 5.Nc3 Qc7 6.g3 a6 7.Bg2 Nf6 8.O-O Bc5
9.Nxc6 dxc6 10.Bg5 e5 11.Bxf6 gxf6 12.Qf3 Qe7 13.Nd1 Be6 14.Ne3 O-O-O 15.c3 Rd2
16.b4 Bxe3 17.Qxe3 Rxa2 18.Rxa2 Bxa2 19.Qh6 Bc4 20.Rc1 Qd6 21.Bf3 Rd8 22.Rd1 Qe7
23.Qxh7 Rxd1+ 24.Bxd1 Qd6 25.Qf5+ Kc7 26.Qf3 f5 27.Be2 Bxe2 28.Qxe2 fxe4
29.Qxe4 Qd1+ 30.Kg2 Qd5 31.Qf3 Kd6 32.h4 b6 33.c4 Qxf3+ 34.Kxf3 Ke6 35.Ke4 c5
36.bxc5 bxc5 37.Kd3 Kf5 38.Kc3 Kg4 39.Kb3 f5 40.Ka4 f4 41.gxf4 exf4 42.Ka5 Kxh4
43.Kb6 Kg4 44.Kxc5 a5 45.Kb5 Kf3 46.c5 a4 47.Kb4 a3 48.Kxa3 Kxf2 49.c6 Kg1
50.c7 f3 51.c8=Q f2 52.Qg4+ Kh1 53.Qh3+ Kg1 54.Qg3+ Kh1  1/2-1/2

[Event "29th Metz Open A"]
[Site "Longeville-les-Metz FRA"]
[Date "2011.05.05"]
[Round "5.5"]
[White "Kravtsiv,M"]
[Black "Venkatesh,M"]
[Result "1/2-1/2"]
[WhiteElo "2565"]
[BlackElo "2463"]

1.e4 c5 2.Nf3 Nc6 3.d4 cxd4 4.Nxd4 e6 5.Nc3 Qc7 6.Be2 a6 7.O-O Nf6 8.Be3 Bb4
9.Na4 Be7 10.Nxc6 bxc6 11.Bb6 Qb8 12.Bf3 O-O 13.c4 d6 14.e5 dxe5 15.Bxc6 Bb7
16.Bxb7 Qxb7 17.Qe2 Nd7 18.Be3 f5 19.f3 e4 20.fxe4 Qxe4 21.Rad1 Ne5 22.Rfe1 Rad8
23.Rxd8 Rxd8 24.Nc3 Qxc4 25.Bb6 Rd6 26.Qxc4 Nxc4 27.Bc5 Rd7 28.Bxe7 Rxe7
29.b3 Nb6 30.Re5 Rc7 31.Rxe6  1/2-1/2

[Event "13th Salou Open"]
[Site "Salou ESP"]
[Date "2011.05.05"]
[Round "2"]
[White "Panella Navarro,S"]
[Black "Cornette,M"]
[Result "0-1"]
[WhiteElo "2099"]
[BlackElo "2562"]

1.e4 c5 2.Nf3 e6 3.d4 cxd4 4.Nxd4 Nc6 5.Nc3 Qc7 6.Be3 a6 7.Qd2 Nf6 8.f3 h5
9.O-O-O Be7 10.Qf2 d6 11.Kb1 b5 12.h3 h4 13.g3 hxg3 14.Qxg3 Nh5 15.Qf2 Bb7
16.Rg1 Rc8 17.Nxc6 Bxc6 18.Bd3 g6 19.f4 b4 20.Ne2 Nf6 21.Ng3 d5 22.e5 Nd7
23.Ne2 Bb5 24.Nd4 Bxd3 25.cxd3 Rxh3 26.Rxg6 Nc5 27.Rg8+ Kd7 28.Rxc8 Qxc8
29.Nf3 b3 30.Qg2 bxa2+ 31.Kxa2 Nxd3 32.Rxd3 Qc4+ 33.Rb3 Qa4+ 34.Ra3 Bxa3
35.bxa3 Qc4+ 36.Ka1 Rh8 37.Qb2 Rc8 38.Nd4 Qd3 39.Bf2 Ke8 40.Bh4 Qf1+ 41.Ka2 Qc4+
42.Ka1 Kd7 43.Bg5 Rc7 44.Bh4 Qf1+ 45.Ka2 Qxf4 46.Bf6 Qc1 47.Qxc1 Rxc1 48.Kb3 Rc4
49.Nc2 Kc7 50.Ne3 Rf4 51.Nc2 a5 52.Kc3 Rf3+ 53.Kd4 Kc6 54.Bd8 Kb5 55.Be7 Ka4
56.Ne3 Kb3 57.Kd3 Rg3 58.Bd6 Rg1 59.Be7 Rc1 60.Bd6 a4 61.Be7 Kb2 62.Kd4 Rc8
63.Bb4 Kc1 64.Kd3 Rb8 65.Be7 Rb3+ 66.Ke2 d4 67.Nd1 Kc2 68.Ke1 Rb1  0-1

[Event "TCh-POL Ekstraliga"]
[Site "Wroclaw POL"]
[Date "2011.05.06"]
[Round "1.2"]
[White "Zezulkin,J"]
[Black "Cyborowski,L"]
[Result "0-1"]
[WhiteElo "2455"]
[BlackElo "2531"]

1.e4 c5 2.Nc3 e6 3.Nf3 Nc6 4.d4 cxd4 5.Nxd4 Qc7 6.Be3 Nf6 7.Bd3 a6 8.O-O Nxd4
9.Bxd4 Bc5 10.Bxc5 Qxc5 11.Kh1 d6 12.f4 e5 13.Nd5 Nxd5 14.exd5 Qxd5 15.Qh5 Be6
16.f5 Bd7 17.Rad1 Bc6 18.Qg4 h5 19.Qxg7 O-O-O 20.Be2 Rhg8 21.Qxg8 Rxg8 22.Rxd5 Bxd5
23.Rf2 h4 24.Kg1 Kd7 25.c4 Be4 26.Bh5 Ke7 27.Bf3 Bxf3 28.Rxf3 Rg4 29.Rb3 Rxc4
30.Rxb7+ Kf6 31.Rb6 Rd4 32.Rxa6 Kxf5 33.b4 d5 34.b5 Rb4 35.a4 d4 36.Kf2 Ke4
37.Rf6 Rxa4 38.Rxf7 Rb4 39.g4 Rxb5 40.g5 Rb2+ 41.Kg1 d3 42.g6 d2  0-1

[Event "ch-UKR semi-final"]
[Site "Alushta UKR"]
[Date "2011.05.07"]
[Round "5.17"]
[White "Pavlov,Ma"]
[Black "Kovalenko,I"]
[Result "1-0"]
[WhiteElo "2364"]
[BlackElo "2581"]

1.e4 c5 2.Nf3 e6 3.d4 cxd4 4.Nxd4 Nc6 5.Nc3 Qc7 6.f4 a6 7.Be3 b5 8.Be2 Bb7
9.Bf3 Na5 10.O-O Nc4 11.Bc1 Bc5 12.b3 e5 13.fxe5 Qb6 14.Ne2 Nxe5 15.Kh1 Ne7
16.Bb2 O-O 17.Ng3 Rad8 18.Ndf5 Nxf5 19.Nxf5 d5 20.Qe1 Rfe8 21.Bxe5 Rxe5 22.Qg3 Qf6
23.Nh6+ Qxh6 24.Qxe5 Bd6 25.Qh5 Qxh5 26.Bxh5 g6 27.e5 Bxe5 28.Rae1 f6 29.Bf3 b4
30.Re2 a5 31.Rd1 Kf7 32.Red2 Ke6 33.Bg4+ Kd6 34.Bf3 Kc5 35.g3  1-0

[Event "ch-UKR semi-final"]
[Site "Alushta UKR"]
[Date "2011.05.07"]
[Round "5.10"]
[White "Vovk,Y"]
[Black "Grekh,A"]
[Result "1-0"]
[WhiteElo "2550"]
[BlackElo "2369"]

1.e4 c5 2.Nf3 e6 3.d4 cxd4 4.Nxd4 Nc6 5.Nc3 d6 6.g4 Be7 7.Be3 a6 8.g5 Bd7
9.Rg1 Qc7 10.Qd2 Ne5 11.f4 Nc4 12.Bxc4 Qxc4 13.O-O-O b5 14.a3 Rc8 15.Nb3 h6
16.gxh6 g6 17.Bc5 Rxh6 18.Bxd6 Bxd6 19.Qxd6 Qc7 20.Qd2 Ne7 21.Nd4 Rd8 22.Qf2 Kf8
23.h4 Rb8 24.Rg5 b4 25.axb4 Rxb4 26.Nb3 Be8 27.Nc5 Qb6 28.Rd7 a5 29.b3 f6
30.e5 Nf5 31.Rxf5 exf5 32.Nd5 Qb5 33.Ne6+ Kg8 34.Nxf6+ Kh8 35.Rd8  1-0

[Event "ch-Asian Individual w"]
[Site "Mashhad IRI"]
[Date "2011.05.07"]
[Round "6.6"]
[White "Padmini,R"]
[Black "Sukandar,I"]
[Result "1/2-1/2"]
[WhiteElo "2342"]
[BlackElo "2354"]

1.e4 c5 2.Nf3 Nc6 3.d4 cxd4 4.Nxd4 e6 5.Nc3 d6 6.Be2 Nf6 7.O-O Be7 8.Kh1 O-O
9.f4 Nxd4 10.Qxd4 b6 11.Bf3 Bb7 12.Be3 Rc8 13.a4 d5 14.exd5 Nxd5 15.Nxd5 Bxd5
16.Bxd5 Bf6 17.Qd3 Qxd5 18.Qxd5 exd5 19.c3 Rfe8 20.Rfe1 Re4 21.g3 Rce8 22.Bf2 Kf8
23.Rxe4 Rxe4 24.a5 Re2 25.axb6 axb6 26.Bxb6 Rxb2 27.Bc5+ Ke8 28.Rd1 Bxc3
29.Rd3 Bf6 30.Bd4 Bxd4 31.Rxd4 Rb5 32.Kg2 Kd7 33.Rd1 Kd6 34.Kf3 Rb4 35.Kg4 f5+
36.Kf3 d4 37.h4 Rb3+ 38.Kf2 Rc3 39.Ra1 Rc7 40.Ra5 g6 41.h5 Re7 42.hxg6 hxg6
43.Ra6+ Kc5 44.Rxg6 d3 45.Rg8 Kc4 46.Rc8+ Kb3 47.Rd8 Kc2 48.Kf3 d2 49.g4  1/2-1/2

[Event "64th Otwarte Open A"]
[Site "Warsaw POL"]
[Date "2011.05.07"]
[Round "1.3"]
[White "Grochulski,G"]
[Black "Sznapik,A"]
[Result "1-0"]
[WhiteElo "2057"]
[BlackElo "2422"]

1.e4 c5 2.Nf3 e6 3.d4 cxd4 4.Nxd4 Nc6 5.Nc3 d6 6.Be3 Nf6 7.Bc4 a6 8.Bb3 Be7
9.Qe2 Na5 10.O-O-O Nxb3+ 11.axb3 Qa5 12.Kb1 Bd7 13.g4 h6 14.h4 g6 15.g5 hxg5
16.hxg5 Nh5 17.f4 O-O-O 18.f5 Kb8 19.f6 Bf8 20.Qf2 Rc8 21.Nf3 Rxc3 22.bxc3 Bc6
23.Rh4 Qc7 24.Bb6 Qc8 25.Ne5 dxe5 26.Rd8 Qxd8 27.Bxd8 Bd6 28.Bb6 Kc8 29.Qd2 Bc7
30.Bxc7 Kxc7 31.Qh2 Kd6 32.Rh3 Bxe4 33.Re3 Bf5 34.Qxe5+ Kc6 35.Qd4 Kc7 36.Qc5+ Kb8
37.Qd6+ Ka8 38.Kb2 Rc8 39.c4 Ka7 40.Re2 Rc6 41.Qe5 Rc8 42.Rd2  1-0

[Event "ch-UKR semi-final"]
[Site "Alushta UKR"]
[Date "2011.05.08"]
[Round "6.18"]
[White "Tukhaev,A"]
[Black "Izhnin,A"]
[Result "1-0"]
[WhiteElo "2547"]
[BlackElo "2353"]

1.e4 c5 2.Nf3 e6 3.d4 cxd4 4.Nxd4 Nc6 5.Nc3 a6 6.Bf4 d6 7.Nxc6 bxc6 8.Qd2 e5
9.Bg5 Qc7 10.O-O-O h6 11.Bh4 Be6 12.Kb1 Ne7 13.f3 Ng6 14.Bf2 Be7 15.g3 O-O
16.f4 f5 17.g4 Nxf4 18.gxf5 Bf7 19.Rg1 Rfd8 20.Be3 d5 21.Bxf4 exf4 22.Qd4 Bg5
23.exd5 Bxd5 24.Nxd5 cxd5 25.h4 Bxh4 26.Rg6 Kh7 27.Bd3 Bf6 28.Rxf6 gxf6 29.Qxf6 Qg7
30.Qb6 Qg4 31.Rg1 Re8 32.a4  1-0

[Event "TCh-SUI 2011"]
[Site "Switzerland SUI"]
[Date "2011.05.08"]
[Round "4.1"]
[White "Riff,JN"]
[Black "Moor,R"]
[Result "1/2-1/2"]
[WhiteElo "2505"]
[BlackElo "2395"]

1.e4 c5 2.Nf3 e6 3.d4 cxd4 4.Nxd4 Nc6 5.Nc3 a6 6.Nxc6 bxc6 7.Bd3 d5 8.O-O Nf6
9.Re1 Be7 10.a3 Qc7 11.Qe2 O-O 12.Bg5 h6 13.Bd2 d4 14.Na4 e5 15.b4 Bg4 16.f3 Be6
17.Rf1 c5 18.Nxc5 Bxc5 19.bxc5 a5 20.f4 Qxc5 21.f5 Bd7 22.g4 Bb5 23.h4 Nxe4
24.Qxe4  1/2-1/2

[Event "ch-Euro Indiv Women"]
[Site "Tbilisi GEO"]
[Date "2011.05.08"]
[Round "2"]
[White "Paikidze,N"]
[Black "Janjghava,N"]
[Result "1-0"]
[WhiteElo "2408"]
[BlackElo "2291"]

1.e4 c5 2.Nf3 e6 3.d4 cxd4 4.Nxd4 Nc6 5.Nc3 Qc7 6.g3 a6 7.Bg2 Nf6 8.O-O Be7
9.Re1 d6 10.Nxc6 bxc6 11.e5 dxe5 12.Rxe5 O-O 13.Bf4 Qb7 14.Na4 Nd5 15.Bd2 Qc7
16.Qe1 a5 17.a3 Bf6 18.Re4 Ne7 19.Rd1 Re8 20.Bf4 Qb7 21.Be5 Bxe5 22.Rxe5 Qc7
23.h4 f6 24.Rc5 e5 25.Qc3 Be6 26.Bxc6 Nxc6 27.Rxc6 Qf7 28.Nb6 Rad8 29.Rcd6 Rxd6
30.Rxd6 e4 31.Qd4 Qc7 32.c4 Bg4 33.c5 h5 34.Nd5 Qf7 35.c6 Qf8 36.Ne3 Bc8
37.c7  1-0

[Event "ch-Euro Indiv Women"]
[Site "Tbilisi GEO"]
[Date "2011.05.09"]
[Round "3"]
[White "Lahno,Kateri"]
[Black "Javakhishvili,L"]
[Result "1/2-1/2"]
[WhiteElo "2530"]
[BlackElo "2454"]

1.e4 c5 2.Nf3 e6 3.d4 cxd4 4.Nxd4 Nc6 5.Nc3 Qc7 6.Be3 a6 7.Be2 Nf6 8.O-O Be7
9.f4 d6 10.Kh1 O-O 11.Qe1 Bd7 12.Qg3 d5 13.e5 Ne4 14.Nxe4 dxe4 15.c3 Nxd4
16.Bxd4 f5 17.exf6 Bxf6 18.Rad1 Rad8 19.Qe3 Bxd4 20.Rxd4 Bc6 21.Rxd8 Rxd8
22.Bc4 Bd5 23.Bxd5 exd5 24.f5 Qe5 25.g4 d4 26.cxd4 Qxd4 27.Re1 Qxe3 28.Rxe3 Rd2
29.Rxe4 Rxb2 30.a4 h6 31.Re7 Rb4 32.h3 b6 33.Rb7 Rxa4  1/2-1/2

[Event "ch-Euro Indiv Women"]
[Site "Tbilisi GEO"]
[Date "2011.05.09"]
[Round "3"]
[White "Khukhashvili,S"]
[Black "Manakova,M"]
[Result "1-0"]
[WhiteElo "2421"]
[BlackElo "2303"]

1.e4 c5 2.Nf3 e6 3.d4 cxd4 4.Nxd4 Nc6 5.Nc3 Qc7 6.Be2 a6 7.O-O b5 8.Nxc6 dxc6
9.f4 Bc5+ 10.Kh1 Nf6 11.e5 Nd5 12.Ne4 Be7 13.c4 bxc4 14.Bxc4 O-O 15.Bd2 Rb8
16.b3 c5 17.Qe2 Qc6 18.Rac1 Bb7 19.Bd3 Rbc8 20.Rf3 Qb6 21.Rh3 g6 22.Qg4 Nb4
23.Bb1 Bxe4 24.Bxe4 Rfd8 25.f5 exf5 26.Bxf5 Rxd2 27.Bxc8 Nd3 28.Rxd3 Rxd3
29.Rf1 Qb4 30.Qe2 Qd2 31.Qxd2 Rxd2 32.Bxa6 Rxa2 33.Bc4 Rc2 34.g3 Bg5 35.Rf3 Rc1+
36.Kg2 Rc2+ 37.Kh3 h5 38.Bxf7+ Kg7 39.Bc4 Bd8 40.Rd3 Be7 41.Rf3 Bd8 42.Rf7+ Kh6
43.Rd7 Ba5 44.e6 g5 45.g4 Bc3 46.Bd3 hxg4+ 47.Kxg4  1-0

[Event "20th ch-MKD 2011"]
[Site "Skopje MKD"]
[Date "2011.05.10"]
[Round "1"]
[White "Nedev,Tr"]
[Black "Stojanovski,D"]
[Result "1-0"]
[WhiteElo "2475"]
[BlackElo "2436"]

1.e4 c5 2.Nf3 e6 3.Nc3 Nc6 4.d4 cxd4 5.Nxd4 Qc7 6.Be3 a6 7.f4 Nxd4 8.Qxd4 Ne7
9.Qb6 Qxb6 10.Bxb6 d6 11.Bc7 Kd7 12.Bb6 Kc6 13.Na4 Bd7 14.O-O-O Be8 15.h4 g6
16.Rh3 Bg7 17.Rhd3 d5 18.Bc5 Nc8 19.exd5+ exd5 20.Rxd5 Kc7 21.Bd4 Bxd4 22.R5xd4 Bc6
23.g3 Re8 24.Nc3 Nb6 25.a4 Bf3 26.a5 Nc8 27.Be2 Rxe2 28.Rc4+ Bc6 29.Nxe2 Nd6
30.Rcd4 Nf5 31.R4d3 h5 32.Nd4 Nxd4 33.Rxd4 Re8 34.Kd2 f5 35.Re1 Be4 36.Re3 Re6
37.Rc3+ Bc6 38.Rc5  1-0

[Event "41st Bosna Open"]
[Site "Sarajevo BIH"]
[Date "2011.05.11"]
[Round "8.42"]
[White "Hadziselimovic,B"]
[Black "Patrucic,M"]
[Result "0-1"]
[WhiteElo "1822"]
[BlackElo "2039"]

1.e4 c5 2.Nf3 Nc6 3.Nc3 e6 4.d4 cxd4 5.Nxd4 a6 6.Be3 Qc7 7.Be2 Bb4 8.O-O Nf6
9.f3 Bd6 10.Kh1 Nxd4 11.Qxd4 O-O 12.f4 e5 13.fxe5 Bxe5 14.Qd3 Bxh2 15.Rxf6 gxf6
16.Bh6 Bd6 17.Qh3 Kh8 18.Qf5 Qd8 19.Bxf8 Bxf8 20.Rf1 Bg7 21.Nd5 d6 22.Qh5 Be6
23.Bd3 h6 24.Nxf6 Rc8 25.c3 Qb6 26.Qe2 Qa5 27.Nh5 Bf8 28.Ng3 Qg5 29.Nf5 d5
30.e5 b5 31.Nd6 Rd8 32.Bc2 Rxd6 33.exd6 Qh4+ 34.Kg1 Bxd6 35.g3 Bc5+ 36.Rf2 Qxg3+
37.Kf1 Bh3+ 38.Rg2 Qf4+ 39.Ke1 Bxg2 40.b4 Qg3+ 41.Kd2 Qf4+ 42.Ke1 Qg3+ 43.Kd2 Bd6
44.Kc1 Be4 45.Kb2 Bxc2 46.Qe8+ Kg7 47.Kxc2  0-1

[Event "ch-Euro Indiv Women"]
[Site "Tbilisi GEO"]
[Date "2011.05.11"]
[Round "5"]
[White "Jalabadze,N"]
[Black "Gogishvili,D"]
[Result "1/2-1/2"]
[WhiteElo "2052"]
[BlackElo "1856"]

1.e4 c5 2.Nf3 e6 3.d4 cxd4 4.Nxd4 Nc6 5.Nc3 Nf6 6.g3 Bb4 7.Bg2 d5 8.exd5 Nxd5
9.Nxc6 bxc6 10.O-O O-O 11.Ne2 Ba6 12.c3 Bc5 13.Qc2 Qb6 14.c4 Nf6 15.h3 Bb7
16.b3 Rfe8 17.Bb2 e5 18.Rad1 Rad8 19.Rxd8 Qxd8 20.Nc3 Qc7 21.Re1 Bd4 22.Ne4 c5
23.Nxf6+ gxf6 24.Kh2 Bxg2 25.Kxg2 Qc6+ 26.f3 e4 27.Rxe4 Rxe4 28.fxe4 Bxb2
29.Qxb2 f5 30.Qe5 fxe4  1/2-1/2

[Event "ch-Euro Indiv Women"]
[Site "Tbilisi GEO"]
[Date "2011.05.11"]
[Round "5"]
[White "Kovanova,B"]
[Black "Khurtsidze,N"]
[Result "0-1"]
[WhiteElo "2361"]
[BlackElo "2436"]

1.e4 c5 2.Nf3 e6 3.d4 cxd4 4.Nxd4 Nc6 5.Nc3 Qc7 6.Be3 Nf6 7.Be2 a6 8.O-O Be7
9.f4 d6 10.Kh1 O-O 11.Qe1 Nxd4 12.Bxd4 b5 13.a3 Bb7 14.Qg3 g6 15.Bf3 Nd7
16.f5 Rae8 17.Rad1 Ne5 18.Be2 Bf6 19.Be3 Kh8 20.Bh6 gxf5 21.Bxf8 Rxf8 22.Qe3 Rg8
23.Rg1 fxe4 24.Nxe4 Be7 25.Bf3 Ng4 26.Bxg4 Rxg4 27.Qc3+ Qxc3 28.Nxc3 d5 29.h3 Rc4
30.Rgf1 Kg7 31.Rd3 f5 32.Ne2 Re4 33.Ng3 Rc4 34.c3 Kf6 35.Nh5+ Kf7 36.Re3 Bg5
37.Rd3 Kg6 38.Ng3 f4 39.Ne2 e5 40.Kh2 Re4 41.Ng1 Bh4 42.Nf3 Bg3+ 43.Kg1 Re2
44.Rd2 Rxd2 45.Nxd2 Kf5 46.Rd1 Bc6 47.Nf3 h6 48.Kf1 b4 49.axb4 Bb5+ 50.Kg1 d4
51.cxd4 e4 52.Ne1 Ke6 53.d5+ Kd6 54.Rd4 Bxe1 55.Rxe4 Bd2 56.Re6+ Kxd5 57.Rxh6 Ke4
58.Kh2 Kf5 59.Rh5+ Kg6 60.Rd5 Be1 61.h4 Bxh4 62.Kh3 Bg3 63.Kg4 Be2+ 64.Kh3 Kf6
65.Rd2 Bc4 66.Kg4 Ke5 67.Rc2 Be6+ 68.Kg5 Bd5 69.b5 axb5 70.Rc5 b4  0-1

[Event "ch-Euro Indiv Women"]
[Site "Tbilisi GEO"]
[Date "2011.05.11"]
[Round "5"]
[White "Melia,S"]
[Black "Galojan,L"]
[Result "0-1"]
[WhiteElo "2444"]
[BlackElo "2377"]

1.e4 c5 2.Nf3 e6 3.d4 cxd4 4.Nxd4 Nc6 5.Nc3 Qc7 6.Be3 a6 7.Qd2 Nf6 8.O-O-O Be7
9.f3 O-O 10.g4 b5 11.g5 Nh5 12.Nce2 Rd8 13.Kb1 e5 14.Nf5 d5 15.Nxe7+ Nxe7
16.Ng3 Nf4 17.Bxf4 exf4 18.Nh5 Bg4 19.fxg4 dxe4 20.Bd3 exd3 21.cxd3 Rd4 22.Rhe1 Ng6
23.Re4 Rxe4 24.dxe4 f3 25.Qd4 Qe5 26.Qe3 Qxh2 27.Qxf3 Rc8 28.Qd3 Nf8 29.Rf1 Qg2
30.Ng3 Ne6 31.a3 Rd8 32.Qe3 Qd2 33.Qa7 Qd7 34.Qf2 Nxg5 35.Qf4 Ne6 36.Qf2 h6
37.Ka1 Ng5 38.Qf4 Qd6 39.e5 Qd4 40.Qf5 b4 41.axb4 Qxb4 42.Nh5 Re8 43.Rc1 Qa5+
44.Kb1 Qxe5 45.Rc8 Qe7 46.Nf4 Qf8 47.Rc6 Qb4 48.Nd3 Qb5 49.Rc5 Qa4 50.Ra5 Qd1+
51.Ka2 Rd8 52.Nb4 Qd2 53.Nxa6 Ne4 54.Ra3 Nd6 55.Qd3 Qf4 56.Rc3 Qxg4 57.Rc7 Qa4+
58.Kb1 Re8 59.Rc1 Ne4 60.Re1 f5 61.Nc7 Re5 62.Rg1 Qc6 63.Na6 Rb5 64.Qd4 Nc3+
65.Kc2 Ne2+  0-1

[Event "ch-CZE"]
[Site "Pardubice CZE"]
[Date "2011.05.12"]
[Round "1"]
[White "Kanovsky,D"]
[Black "Jansa,Vl"]
[Result "1-0"]
[WhiteElo "2472"]
[BlackElo "2518"]

1.e4 c5 2.Nf3 e6 3.d4 cxd4 4.Nxd4 Nc6 5.Nc3 a6 6.Nxc6 bxc6 7.Bd3 d5 8.O-O Nf6
9.Qe2 Be7 10.b3 O-O 11.Bb2 d4 12.Nb1 e5 13.Nd2 Re8 14.Kh1 Bf8 15.f4 exf4
16.Rxf4 Bd6 17.Rh4 g5 18.Rh6 Ng4 19.Rh5 Ne5 20.h3 c5 21.Rf1 Ra7 22.Nc4 f6
23.Rh6 Ng6 24.Nxd6 Qxd6 25.Qh5 Ree7 26.Bc4+ Rf7 27.Rxh7  1-0